Shade as an agro-management practice in Hevea seedling nursery in the North Eastern region (Record no. 51560)

MARC details
000 -LEADER
fixed length control field 00812nam a2200229Ia 4500
100 ## - MAIN ENTRY--AUTHOR NAME
Personal name Gupta C.
245 #0 - TITLE STATEMENT
Title Shade as an agro-management practice in Hevea seedling nursery in the North Eastern region
260 ## - PUBLICATION, DISTRIBUTION, ETC. (IMPRINT)
Name of publisher First International Agronomy Congress on Agronomy, Environment and Food Security for 21st Century, 23-27 November 1998, Indian Society of Agronomy (IARI) and ICAR, Vigyan Bhavan, New Delhi, India, pp. 592-593.
Year of publication 1998
650 ## - SUBJECT ADDED ENTRY--TOPICAL TERM
Topical Term Budding
650 ## - SUBJECT ADDED ENTRY--TOPICAL TERM
Topical Term Crop management
650 ## - SUBJECT ADDED ENTRY--TOPICAL TERM
Topical Term Irrigation
650 ## - SUBJECT ADDED ENTRY--TOPICAL TERM
Topical Term North East India
650 ## - SUBJECT ADDED ENTRY--TOPICAL TERM
Topical Term Partial shade
650 ## - SUBJECT ADDED ENTRY--TOPICAL TERM
Topical Term Seedling
700 ## - ADDED ENTRY--PERSONAL NAME
Personal name Krishnakumar A.K.
700 ## - ADDED ENTRY--PERSONAL NAME
Personal name Meenattoor J.R.
700 ## - ADDED ENTRY--PERSONAL NAME
Personal name Pothen J.
700 ## - ADDED ENTRY--PERSONAL NAME
Personal name Potty S.N.
700 ## - ADDED ENTRY--PERSONAL NAME
Personal name Sethuraj M.R.
942 ## - ADDED ENTRY ELEMENTS (KOHA)
Koha item type Bibliography STAF
Holdings
Withdrawn status Lost status Damaged status Not for loan Home library Current library Shelving location Date acquired Koha item type
      Bibliography RRII Library RRII Library Soils and agonomy 09/04/2014 Bibliography STAF